<?xml version="1.0" encoding="UTF-8"?>
<record
    xmlns:xsi="http://www.w3.org/2001/XMLSchema-instance"
    xsi:schemaLocation="http://www.loc.gov/MARC21/slim http://www.loc.gov/standards/marcxml/schema/MARC21slim.xsd"
    xmlns="http://www.loc.gov/MARC21/slim">

  <leader>01144nam a2200313 a 4500</leader>
  <controlfield tag="005">20240506103719.0</controlfield>
  <controlfield tag="008">100630t2014||||ag a   f |||| 001 0 spa d</controlfield>
  <datafield tag="020" ind1=" " ind2=" ">
    <subfield code="a">9789500605878</subfield>
  </datafield>
  <datafield tag="041" ind1=" " ind2=" ">
    <subfield code="a">spa</subfield>
  </datafield>
  <datafield tag="092" ind1=" " ind2=" ">
    <subfield code="c">617</subfield>
    <subfield code="l">29</subfield>
    <subfield code="s">GIM</subfield>
  </datafield>
  <datafield tag="100" ind1="1" ind2=" ">
    <subfield code="a">Gim&#xE9;nez, Mariano E.</subfield>
    <subfield code="9">3253</subfield>
  </datafield>
  <datafield tag="245" ind1=" " ind2=" ">
    <subfield code="a">Cirug&#xED;a.</subfield>
    <subfield code="b">Fundamentos para la pr&#xE1;ctica cl&#xED;nico-qu&#xED;rurgica /</subfield>
    <subfield code="c">Mariano E. Gim&#xE9;nez</subfield>
  </datafield>
  <datafield tag="250" ind1=" " ind2=" ">
    <subfield code="a">1a ed.</subfield>
    <subfield code="b">Ilustrado Walter Garc&#xED;a</subfield>
  </datafield>
  <datafield tag="260" ind1=" " ind2=" ">
    <subfield code="a">Buenos Aires: </subfield>
    <subfield code="b">Editorial M&#xE9;dica Panamericana;</subfield>
    <subfield code="c">2014.</subfield>
  </datafield>
  <datafield tag="300" ind1=" " ind2=" ">
    <subfield code="a">864 p.</subfield>
    <subfield code="c">19x27 cm.</subfield>
  </datafield>
  <datafield tag="500" ind1=" " ind2=" ">
    <subfield code="a">Gim&#xE9;nez, M. E. (2014). Cirug&#xED;a. Fundamentos para la pr&#xE1;ctica cl&#xED;nico-qu&#xED;rurgica. (1a ed.). Buenos Aires : Editorial M&#xE9;dica Panamericana.</subfield>
  </datafield>
  <datafield tag="653" ind1=" " ind2=" ">
    <subfield code="a">Generalidades y paredes abdominales</subfield>
  </datafield>
  <datafield tag="653" ind1=" " ind2=" ">
    <subfield code="a">T&#xF3;rax</subfield>
  </datafield>
  <datafield tag="653" ind1=" " ind2=" ">
    <subfield code="a">Vascular perif&#xE9;rico</subfield>
  </datafield>
  <datafield tag="653" ind1=" " ind2=" ">
    <subfield code="a">Piel, Cabeza y Cuello</subfield>
  </datafield>
  <datafield tag="653" ind1=" " ind2=" ">
    <subfield code="a">Es&#xF3;fago, Est&#xF3;mago e Intestino Delgado</subfield>
  </datafield>
  <datafield tag="653" ind1=" " ind2=" ">
    <subfield code="a">V&#xED;a biliar</subfield>
  </datafield>
  <datafield tag="653" ind1=" " ind2=" ">
    <subfield code="a">P&#xE1;ncreas</subfield>
  </datafield>
  <datafield tag="653" ind1=" " ind2=" ">
    <subfield code="a">Coloproctolog&#xED;a</subfield>
  </datafield>
  <datafield tag="653" ind1=" " ind2=" ">
    <subfield code="a">Traumatismos y tumores retroperitoneales</subfield>
  </datafield>
  <datafield tag="653" ind1=" " ind2=" ">
    <subfield code="a">Grandes s&#xED;ndromes agudos</subfield>
  </datafield>
  <datafield tag="653" ind1=" " ind2=" ">
    <subfield code="a">Nociones generales de temas quir&#xFA;rgicos</subfield>
  </datafield>
  <datafield tag="942" ind1=" " ind2=" ">
    <subfield code="2">ddc</subfield>
    <subfield code="c">BK</subfield>
  </datafield>
  <datafield tag="999" ind1=" " ind2=" ">
    <subfield code="c">2158</subfield>
    <subfield code="d">2158</subfield>
  </datafield>
  <datafield tag="952" ind1=" " ind2=" ">
    <subfield code="0">0</subfield>
    <subfield code="1">0</subfield>
    <subfield code="2">ddc</subfield>
    <subfield code="4">0</subfield>
    <subfield code="7">0</subfield>
    <subfield code="a">BFM</subfield>
    <subfield code="b">BFM</subfield>
    <subfield code="c">CR</subfield>
    <subfield code="d">2015-04-27</subfield>
    <subfield code="e">Compra PROMED 3er A&#xD1;O, Abril 2015</subfield>
    <subfield code="g">950.40</subfield>
    <subfield code="l">129</subfield>
    <subfield code="m">38</subfield>
    <subfield code="o">617 29 GIM</subfield>
    <subfield code="p">3477</subfield>
    <subfield code="r">2026-05-04</subfield>
    <subfield code="s">2026-04-29</subfield>
    <subfield code="t">Ej.1</subfield>
    <subfield code="w">2015-04-27</subfield>
    <subfield code="y">BK</subfield>
    <subfield code="z">Compra PROMED 3er A&#xD1;O, Abril 2015</subfield>
  </datafield>
  <datafield tag="952" ind1=" " ind2=" ">
    <subfield code="0">0</subfield>
    <subfield code="1">0</subfield>
    <subfield code="2">ddc</subfield>
    <subfield code="4">0</subfield>
    <subfield code="7">0</subfield>
    <subfield code="8">NFIC</subfield>
    <subfield code="a">BFM</subfield>
    <subfield code="b">BFM</subfield>
    <subfield code="c">CR</subfield>
    <subfield code="d">2017-08-04</subfield>
    <subfield code="e">DONACION AGOSTO 2017</subfield>
    <subfield code="l">74</subfield>
    <subfield code="m">25</subfield>
    <subfield code="o">617 29 GIM</subfield>
    <subfield code="p">3880</subfield>
    <subfield code="r">2026-02-23</subfield>
    <subfield code="s">2025-11-26</subfield>
    <subfield code="t">Ej. 2</subfield>
    <subfield code="w">2017-08-04</subfield>
    <subfield code="y">BK</subfield>
    <subfield code="z">DONACION AGOSTO 2017</subfield>
  </datafield>
</record>
